Normal view
MARC view
Entry Personal Name
001 - CONTROL NUMBER
- control field: 65923
003 - CONTROL NUMBER IDENTIFIER
- control field: OSt
005 - DATE AND TIME OF LATEST TRANSACTION
- control field: 20260202100107.0
008 - FIXED-LENGTH DATA ELEMENTS
- fixed length control field: 260202|| aca||aabn | a|a d
040 ## - CATALOGING SOURCE
- Original cataloging agency: OSt
- Transcribing agency: OSt
100 ## - HEADING--PERSONAL NAME
- Personal name: Cho Cho Aung.
- Numeration: 2010 4PhD(R)- Hist-10
670 ## - SOURCE DATA FOUND
- Source citation: Work cat.: (OSt): Cho Cho Aung. 2010 4PhD(R)- Hist-10., Administration in Lower Myanmar ( 1852-1885) /, 2010.